000 00293nam a22001337a 4500
008 171201b xxu||||| |||| 00| 0 eng d
020 _a9780155039469
041 _aeng
080 _a37
100 _a46
101 _aEDU
245 _aTHE THOUGHTFUL READER
_cFJELDSTAD,M.C
942 _2udc
_cBK
999 _c38668
_d38668